Guess The City Based on Historical Event - Statistics

General Stats
  • This quiz has been taken 48 times
  • The average score is 5 of 10
Answer Stats
Hint Answer % Correct
the French capital after Nazi Germany annexed part of France(including Paris) Vichy
87%
Capital of the Byzantine Empire and not the capital of its current country although assumed so İstanbul
80%
The second most Holy city in Islam, where Muhammad fled to escape persecution in Mecca Medina
78%
the former capital of China that was attacked/rampaged by Japanese forces Nanjing/Nanking
71%
capital of the Incan empire until becoming a colony of Spain Cuzco
67%
In Southern Spain, famous for Islamic Architecture, was also a refuge city during the Inquisition Granada
60%
Famous city for English couples to elope during the 1754 Marriage Act Gretna Green
20%
a city in the Levant region of Asia famous for its female ruler Zenobia Palmyra
11%
Popular city in Poland, known for beautiful medieval architecture and gingerbread Toruń
4%
the main city where the Troubles happened Derry, Northern Ireland
2%
No matching quizzes found
Score Distribution
Percent of People with Each Score
Percentile by Number Answered
Your Score History
You have not taken this quiz